00946 2200313 4500001002100000005001500021035002000036007000300056008004100059020001800100040002200118082001500140084001700155090002000172100002700192245010000219300005100319650002200370700003100392700002000423850001200443041001300455504002800468264004200496336002100538337003000559338002300589990002000612INLIS00000000084822620190613031632 a0010-0619000181ta190613s2004 jkia b ind d a979-694-326-3 aYOPDYOGbinderda04223a028.55 a028.55 WEI h aPK 028.55 WEI h1 aWeiss, Le Annepenulis10aHeartlifters for teachers /cpenulis, Le Ann Weiss; alih bahasa, Grace Satyadi; editor, Noni MT a54 halaman :bilustrasi berwarna ;c17 x 20 cm 4aBacaan kank-kanak0 aGrace Satyadiealih bahasa0 aNoni MTeeditor aYOPDYOG1 aindheng aBibliografi: halaman 5531aJakarta :bBhuana Ilmu Populer,c2004 2rdacontentateks 2rdamediaatanpa perantara 2rdacarrieravolume a63592-PD/A.2019